01529 2200493 4500001002100000005001500021035002000036006001800056007000300074008004100077020002200118040004000140082001400180084001600194100004500210245014000255250002500395264003800420300006700458336002100525337003000546338002300576440002900599504003000628650002100658650001700679650001500696650001700711650001400728650002100742650003800763700003100801700002400832700002600856850001200882090001900894041000800913490002900921740002000950500001100970990001800981990001800999990001801017INLIS00000000081722720181008080003 a0010-1018000107aa g 000 0ta171024s20172017jbia g 1 ind d a978-602-9407-33-4 aYOPDYOGbindcYOPDYOGdYOPDYOGerda04223a632.9 a632.9 ARG h0 aArgohartono Arie Raharjod1980-epenulis10aHama & penyakit tanaman :bkenali dan atasi /cArgohartono Arie Raharjo; penyunting, Sardi Duryatmo, Ir. Karjono; ilustrator, Bahruddin aCetakan I: Juni 201731aDepok :bPT Trubus Swadaya,c2017 avii, 320 halaman :bilustrasi berwarna, foto berwarna ;c26 cm 2rdacontentateks 2rdamediaatanpa perantara 2rdacarrieravolume 0aTrubus info kit: Vol. 13 aBibliografi : halaman 317 4aPenyakit tanaman 4aHama tanaman 4aUsaha tani 4aPenyemprotan 4aPestisida 4aHama, Pembasmian 4aSerangga berbahaya dan bermanfaat0 aSardi Duryatmoepenyunting0 aKarjonoepenyunting0 aBahruddineilustrator aYOPDYOG aPK 632.9 ARG h0 aind0 aTrubus info kit: Vol. 130 aTrubus info kit aindeks a37502-PD/B.18 a37503-PD/B.18 a37504-PD/B.18